000 00765aas a2200217 4500
999 _c3774
_d3774
003 BR-BrBNA
005 20230317233910.0
007 ta
008 230119b bl ||||| |||| 00| 0 por d
035 _a000485-5
040 _aBR-BrBNA
_bPor
_cBR-BrBNA
042 _aN
044 _abl
245 _aSérie Relatórios - Empresa Brasileira de Assistência Técnica e Extensão Rural (Brazil)
260 _aBrasília-DF
_bEmpresa de Assistência Técnica e Extensão Rural
_c1975. Data final de publicação em 1988
_eBDF
270 _aSAIN - Parque Rural - Caixa Postal, 070530 - Cep: 70.770
310 _airregular
505 _a1975 (1); 1976-77 (3-4); 1978 (6); 1980 (10); 1982 (11); 1986 (12,17); 1987 (18); 1988 (20);
909 _a56
_bSergio Santos
_c56
_dSergio Santos
942 _cCR
_2AGRIS